| 000 | 00821nam a2200229Ia 4500 | ||
|---|---|---|---|
| 001 | 17084 | ||
| 003 | GE_BSU | ||
| 008 | 181216s||||||||xx |||||||||||||| ||und|| | ||
| 040 | _cGE_BSU | ||
| 080 | _a821.353.1-11 | ||
| 100 | _aაბაშიძე, გ. | ||
| 245 | _aლეგენდა პირველ თბილისელებზე; დედა | ||
| 245 | _bდრამატიული პოემა | ||
| 245 | _cრედ.ა.გაბესკირია | ||
| 260 | _aთბილისი | ||
| 260 | _bსაბჭ. მწერალი | ||
| 260 | _c1959 | ||
| 300 | _a71გვ. : ილ. ; 20სმ | ||
| 653 | _aდრამატიული პოემა | ||
| 653 | _aლეგენდა პირველ თბილისელებზე; დედა | ||
| 942 | _cBK | ||
| 999 |
_c50146 _d50146 |
||